000 00479nam a2200181Ia 4500
005 20250326142034.0
008 250326s9999 xx 000 0 und d
037 _aTextbook
040 _aFMSL
_beng
_cFMSL
041 _aeng
_2eng
084 _qFMSL
100 _aKamta Prasad
_9258789
245 0 _aPlanning at the grass roots
_cKamta Prasad
260 _aNew Delhi
_bNew Delhi, Sterling pub. House
_c1988
300 _a212p
942 _cTB
999 _c1293153
_d1293153